Cẩm nang chăn nuôi gia súc gia cầm
Saved in:
| Corporate Author: | |
|---|---|
| Format: | Book |
| Language: | Undetermined |
| Published: |
Hà Nội
Nông nghiệp
2002
|
| Subjects: | |
| Tags: |
Add Tag
No Tags, Be the first to tag this record!
|
| Institutions: | Trung tâm Học liệu Trường Đại học Cần Thơ |
|---|
| LEADER | 00516nam a2200169Ia 4500 | ||
|---|---|---|---|
| 001 | CTU_50007 | ||
| 008 | 210402s9999 xx 000 0 und d | ||
| 082 | |a 636.08 | ||
| 082 | |b H451/T.3 | ||
| 110 | |a Hội chăn nuôi Việt Nam | ||
| 245 | 0 | |a Cẩm nang chăn nuôi gia súc gia cầm | |
| 245 | 0 | |c Hội chăn nuôi Việt Nam | |
| 260 | |a Hà Nội | ||
| 260 | |b Nông nghiệp | ||
| 260 | |c 2002 | ||
| 650 | |a Domestic animals | ||
| 980 | |a Trung tâm Học liệu Trường Đại học Cần Thơ | ||